|
|
|
|
| LEADER |
01281nab#a2200349#ar4500 |
| 001 |
000065913 |
| 003 |
SVKKK |
| 005 |
19971030xxxxxxx. |
| 008 |
06 c xo huno |
| FMT |
|
|
|
| 038 |
|
|
|a SVKKK
|
| 040 |
|
|
|a SVKKK
|b slo
|e AACR2
|
| 041 |
0 |
|
|a hun
|
| 044 |
|
|
|a xo
|c SK
|
| 080 |
|
|
|a 177.7
|
| 080 |
|
|
|a 282(Gemer):262.1
|
| 080 |
|
|
|a 614.84
|
| 242 |
1 |
0 |
|a Dobročinnosť
|
| 245 |
0 |
0 |
|a Jótékonyság
|
| 520 |
2 |
|
|a Rožňavský biskup Ľudovít (Lajos) Balás sipeki daroval 500 korún Katolíckemu tovarišskému spolku na finančnú základinu. Diecézny kanonik a pápežský prelát Emil Schelleng daroval 100 korún pre poškodených požiarom v obci Brzotín.
|
| 650 |
0 |
4 |
|a Schelleng, Emil (prelát pápežský, kanonik diecézny, darca) - Rožňava-Brzotín - obete požiaru (adresáti) - december 1912 - správy
|
| 650 |
0 |
4 |
|a dobročinnosť - dary finančné - Balás, Ľudovít sipeki (biskup rožňavský, darca) - Katolícky tovarišský spolok, Rožňava (adresát)
|
| 773 |
0 |
|
|t Sajó-Vidék : Vegyestartalmú hetilap
|g Roč. 15, č. 51 (19.12.1912) s. 2
|
| 957 |
|
|
|a Rožňava
|
| 957 |
|
|
|a Rožňava-Brzotín
|
| 958 |
|
|
|a CI
|
| 958 |
|
|
|a DG
|
| 958 |
|
|
|a SK
|
| 974 |
|
|
|a ebl
|d 19971030
|
| 992 |
|
|
|a RBX
|
| BAS |
|
|
|
| 998 |
|
|
|a RETRO
|